| 000 | 00483nam a2200181 4500 | ||
|---|---|---|---|
| 001 | 5038 | ||
| 005 | 20230410143537.0 | ||
| 008 | 060907n1995 dr spa | ||
| 020 | _a0393311929 | ||
| 035 | _9funglode5081 | ||
| 041 | _aEN | ||
| 050 | 1 | 4 | _aT 49.5 C269t 1995 |
| 100 | _aCardwell, Donald | ||
| 245 | 1 | 4 |
_aThe norton history of Technology / _cDonald Cardwell |
| 260 |
_aNew York : _bW.W. Norton & Company, _c1995 |
||
| 300 | _axviii, 565 p. | ||
| 942 |
_2lcc _cbk |
||
| 999 |
_c103598 _d103598 |
||